Bhasha vaigyanik nibandh sangrah / (Record no. 16044)
[ view plain ]
| 000 -LEADER | |
|---|---|
| fixed length control field | 00406nam a2200157Ia 4500 |
| 005 - DATE AND TIME OF LATEST TRANSACTION | |
| control field | 20240913102931.0 |
| 008 - FIXED-LENGTH DATA ELEMENTS--GENERAL INFORMATION | |
| fixed length control field | 240806s9999||||xx |||||||||||||| ||eng|| |
| 041 ## - LANGUAGE CODE | |
| Language code of text/sound track or separate title | hin |
| 082 ## - DEWEY DECIMAL CLASSIFICATION NUMBER | |
| Classification number | 891.434008 |
| Item number | TRIB |
| 100 ## - MAIN ENTRY--AUTHOR NAME | |
| Personal name | Tripathi, Harishankar |
| 245 #0 - TITLE STATEMENT | |
| Title | Bhasha vaigyanik nibandh sangrah / |
| Statement of responsibility, etc | Harishankar Tripathi |
| 260 ## - PUBLICATION, DISTRIBUTION, ETC. (IMPRINT) | |
| Place of publication | Prayag: |
| Name of publisher | Vedpeeth Prakashan , |
| 300 ## - PHYSICAL DESCRIPTION | |
| Number of Pages | 0 |
| 650 ## - SUBJECT ADDED ENTRY--TOPICAL TERM | |
| Topical Term | Hindi |
| 942 ## - ADDED ENTRY ELEMENTS (KOHA) | |
| Koha item type | Books |
| Withdrawn status | Lost status | Damaged status | Not for loan | Permanent Location | Current Location | Shelving location | Date acquired | Accession Number | Koha item type | Full call number |
|---|---|---|---|---|---|---|---|---|---|---|
| Central Library, CMP | Central Library, CMP | General stacks | 07/08/2024 | 57385 | Books | |||||
| Central Library, CMP | Central Library, CMP | General stacks | 07/08/2024 | 57384 | Books | 891.434008 TRIB |